000
00285nam a2200109Ia 4500
008
200302s9999 xx 000 0 und d
100
_a
Dr. I.C. Syal & Dr.A.K. Goel
245
_a
Reinforced Concrete Structures
260
_b
S. Chand& Company Pvt. Ltd.
260
_c
2014
300
_a
807 P
999
_c
4224
_d
4224